|
|
|
|
| LEADER |
00000cam a2200000 4500 |
| 001 |
vtls012265346 |
| 003 |
SK-MaSNL |
| 005 |
20260422110613.0 |
| 008 |
241014s2024 xr g 000 f cze |
| 015 |
|
|
|a SNBZSA2026/04
|
| 020 |
|
|
|a 9788074435119
|q (brožované)
|
| 040 |
|
|
|a SNK
|b slo
|c SNK
|e rda
|
| 041 |
1 |
|
|a cze
|h slo
|
| 044 |
|
|
|a xr
|c CZ
|
| 072 |
|
7 |
|a 821.162.4-3
|x Slovenská próza
|2 konspekt
|
| 080 |
|
|
|a 821.162.4-31
|2 2011
|
| 080 |
|
|
|a 82-311.4
|2 2011
|
| 100 |
1 |
|
|a Dobrakovová, Ivana,
|d 1982-
|4 aut
|9 107727
|
| 240 |
1 |
0 |
|a Pod slnkom Turína
|l Česky
|
| 245 |
1 |
0 |
|a Pod sluncem Turína
|c Ivana Dobrakovová ; překlad Monika Horsáková
|
| 250 |
|
|
|a V češtině vydání první
|
| 264 |
|
1 |
|a Brno
|b Větrné mlýny
|c 2024
|
| 300 |
|
|
|a 177 strán
|c 20 cm
|
| 336 |
|
|
|a text
|b txt
|2 rdacontent
|
| 337 |
|
|
|a bez média
|b n
|2 rdamedia
|
| 338 |
|
|
|a zväzok
|b nc
|2 rdacarrier
|
| 490 |
1 |
|
|a Česi, čítajte
|v 18
|
| 500 |
|
|
|a Preložené zo slovenčiny
|
| 500 |
|
|
|a Obsahuje biografické a profesijné údaje o autorke a prekladateľke
|
| 655 |
|
7 |
|a slovenské romány
|2 SNKPH
|9 70324
|
| 655 |
|
7 |
|a spoločenské romány
|2 SNKPH
|9 70538
|
| 655 |
|
7 |
|a Slovak fiction
|2 SNKPHeng
|9 277096
|
| 655 |
|
7 |
|a Society novels
|2 SNKPHeng
|9 278721
|
| 700 |
1 |
|
|a Horsáková, Monika,
|d 1970-
|4 trl
|9 164316
|
| 830 |
|
0 |
|a Česi, čítajte
|9 341626
|
| 852 |
|
|
|a Slovenská národná knižnica
|
| 919 |
|
|
|a 978-80-7443-511-9
|
| 954 |
|
|
|a beletria pôvodná (slovenská)
|2 lita
|
| 958 |
|
|
|a ZS
|
| 958 |
|
|
|a LX
|
| 958 |
|
|
|a UP
|
| 968 |
|
|
|b SLO
|
| 999 |
|
|
|c 1131867
|d 1133797
|
| 952 |
|
|
|a SNK
|b SNK
|c SNK_KF
|y PREZ
|7 8
|p 17A1578033
|o snkSD 94068
|i snk2026/442
|8 4
|g 12.67
|0 0
|1 0
|4 0
|d 2024-10-14
|l 0
|r 2026-02-24 19:05:46
|w 2026-02-24
|
| 952 |
|
|
|t 2
|a SNK
|b SNK
|y NEVYP
|7 1
|o snkSD 94068 D1
|i snk
|8 1
|g 0.00
|0 0
|1 0
|2 udc
|4 0
|d 2026-03-04
|l 0
|r 2026-03-04 09:51:00
|w 2026-03-04
|